Fairy tales and stories / (Record no. 57306)

MARC details
000 -LEADER
fixed length control field 00708nam a22002057a 4500
005 - DATE AND TIME OF LATEST TRANSACTION
control field 20111005111340.0
010 ## - LCCN (DPL NO)
LC control number G-001715
020 ## - INTERNATIONAL STANDARD BOOK NUMBER
Terms of availability 60.00
035 1d - SYSTEM CONTROL NUMBER
System control number G-001715
037 ## - SOURCE OF ACQUISITION
Source of stock number/acquisition Gift
082 ## - DEWEY DECIMAL CLASSIFICATION NUMBER
Classification number S
100 ## - MAIN ENTRY--PERSONAL NAME
Personal name Andersen, Hans Christian
245 E# - TITLE STATEMENT
Title Fairy tales and stories /
Statement of responsibility, etc by Hans Christian Andersen
260 ## - PUBLICATION, DISTRIBUTION, ETC. (IMPRINT)
Place of publication, distribution, etc Jaipur
Name of publisher, distributor, etc Shyam Prakashan
Date of publication, distribution, etc 2009
270 ## - ADDRESS
Address Geetanjali Apartment, 1926, Nataniyon ka Rasta,
City Jaipur
Postal code 302003
300 ## - PHYSICAL DESCRIPTION
Extent 64p.
Dimensions 22cm(pbk)
942 ## - ADDED ENTRY ELEMENTS (KOHA)
Source of classification or shelving scheme Dewey Decimal Classification
Item type Children Books
Classification part S
Call number suffix AND
Holdings
Withdrawn status Lost status Not for loan Collection code Home library Current library Date acquired Source of acquisition Cost, normal purchase price Full call number Barcode Copy number Cost, replacement price Koha item type
      Non-fiction Janak Puri Janak Puri 05/10/2011 gift 60.00 S AND G-001715 1 60.00 Children Books

© Delhi Public Library
Hit Counter
free hit counter